|
|
|
|
| LEADER |
01501nam a2200349 a 4500 |
| 001 |
EBC650332 |
| 003 |
MiAaPQ |
| 005 |
20200520144314.0 |
| 006 |
m o d | |
| 007 |
cr cn||||||||| |
| 008 |
110215s2010 enka sb 000 0 eng d |
| 020 |
|
|
|z 9780335237852
|
| 020 |
|
|
|z 0335237851
|
| 020 |
|
|
|a 9780335240531 (electronic bk.)
|
| 035 |
|
|
|a (MiAaPQ)EBC650332
|
| 035 |
|
|
|a (Au-PeEL)EBL650332
|
| 035 |
|
|
|a (CaPaEBR)ebr10441936
|
| 035 |
|
|
|a (CaONFJC)MIL334349
|
| 035 |
|
|
|a (OCoLC)701704778
|
| 040 |
|
|
|a MiAaPQ
|c MiAaPQ
|d MiAaPQ
|
| 050 |
|
4 |
|a PN4700
|b .S96 2010
|
| 100 |
1 |
|
|a Synge, Dan.
|
| 245 |
1 |
4 |
|a The survival guide to journalism
|h [electronic resource] /
|c Dan Synge.
|
| 260 |
|
|
|a Berkshire, England :
|b McGraw-Hill Pub. Co.,
|c 2010.
|
| 300 |
|
|
|a vii, 152 p. :
|b ill.
|
| 504 |
|
|
|a Includes bibliographical references.
|
| 505 |
0 |
|
|a 1. So you want to be a journalist? -- 2. Who are you going to write for? -- 3. What are you going to write about? -- 4. Writing it up -- 5. Profiles and celebrity stories -- 6. Reporting the news -- 7. Specializing to survive -- 8. Outline and beyond -- 9. Going it alone -- 10. Going it alone II.
|
| 533 |
|
|
|a Electronic reproduction. Ann Arbor, MI : ProQuest, 2015. Available via World Wide Web. Access may be limited to ProQuest affiliated libraries.
|
| 650 |
|
0 |
|a Journalism.
|
| 655 |
|
4 |
|a Electronic books.
|
| 710 |
2 |
|
|a ProQuest (Firm)
|
| 856 |
4 |
0 |
|u https://ebookcentral.proquest.com/lib/matrademy/detail.action?docID=650332
|z Click to View
|